[Event "November 2018"]
[Site "SchemingMind.com"]
[Date "2019.01.18"]
[Round "-"]
[White "Geoffrey Rosser"]
[Black "John Hamer"]
[Result "1-0"]
[WhiteCountry "ENG"]
[BlackCountry "ENG"]
[WhiteElo "1851"]
[WhiteRD "63"]
[BlackElo "1942"]
[BlackRD "66"]
[GameID "437264"]

1. e4 e5 2. Nf3 Nc6 3. Bc4 Nf6 4. d3 Bc5 5. c3 h6 6. O-O O-O 7. b4 Bd6 8. Nbd2 Ne7 9. Bb3 Ng6 10. Nc4 b6
11. Nxd6 cxd6 12. Qc2 Bb7 13. Re1 Rc8 14. d4 Re8 15. dxe5 Nxe5 16. Nd4 Qc7 17. Bb2 d5 18. exd5 Nxd5 19. Nb5 Qb8 20. a3 Nf6
21. Rad1 d5 22. Nd4 Nc4 23. Bc1 Red8 24. Nf5 Kh8 25. Qd3 Re8 26. Qh3 Rxe1+ 27. Rxe1 Re8 28. Rf1 Ng8 29. Bc2 Bc8 30. Qd3 Nf6
31. f4 Qc7 32. Ng3 b5 33. Nh5 Ne4 34. Qxd5 Qb6+ 35. Qd4 Nxc3 36. Qxb6 axb6 37. Bb3 Bg4 38. Ng3 h5 39. Bc2 h4 40. Nf5 Ne2+
41. Kf2 Nxf4 42. Ne3 Bh5 43. Re1 Nd6 44. g3 Nh3+ 45. Kg2 Bg4 46. Bd2 Be6 47. Nf5 Rc8 48. Nd4 hxg3 49. hxg3 Rc4 50. Be3 Ng5
51. Rh1+ Bh3+ 52. Rxh3+ Nxh3 53. Kxh3 Rc3= 54. Bf4 Nc4 55. Bf5 Nxa3 56. Bd7 Rd3 57. Nxb5 Rxd7 58. Nxa3 Rd3 59. Nc4 Rb3 60. Bd6 b5
61. Ne5 Kg8 62. Nc6 Rd3 63. Bc5 Rd7 64. Kg4 Rc7 65. Na7 Rb7= 66. Kf5 g6+ 67. Ke5
1-0

[Event "November 2018"]
[Site "SchemingMind.com"]
[Date "2019.01.18"]
[Round "-"]
[White "John Hamer"]
[Black "Geoffrey Rosser"]
[Result "1-0"]
[WhiteCountry "ENG"]
[BlackCountry "ENG"]
[WhiteElo "2005"]
[WhiteRD "68"]
[BlackElo "1836"]
[BlackRD "61"]
[GameID "437265"]

1. d4 Nf6 2. c4 g6 3. Nf3 Bg7 4. Nc3 d5 5. Qb3 dxc4 6. Qxc4 O-O 7. e4 Be6 8. Qd3 c5 9. d5 Bd7 10. Be3 b6
11. Rd1 Ng4 12. Bf4 e5 13. dxe6 fxe6 14. g3 Qf6 15. Bg2 Bc6 16. O-O Nd7 17. h3 Nge5 18. Nxe5 Nxe5 19. Qe2 g5 20. Be3 Nf3+
21. Kh1 Nd4 22. Qd2 h6 23. f4 gxf4 24. Rxf4 Qe5 25. Qd3 Rxf4 26. Bxf4 Qh5 27. g4 Qf7 28. Rf1 Qb7 29. g5 Nf5 30. gxh6 Bxh6
31. Rf2 Bxf4 32. exf5 Bxg2+ 33. Rxg2+ Kh8 34. fxe6 Rg8 35. Qe2 Qxg2+ 36. Qxg2 Rxg2 37. Kxg2 Kg8 38. Nd5 Be5 39. b3 b5 40. h4 c4
41. Kf3 cxb3 42. axb3 a5 43. Ke4 Bd6 44. Kd4 a4 45. b4 a3 46. Kc3 Be5+ 47. Kb3 Bb2 48. Ne7+ Kg7 49. Nf5+ Kf8 50. Ka2 Ke8
51. e7 Kf7 52. h5 Ke8 53. h6 Kf7 54. h7 Ke8 55. Nh4 Kxe7 56. h8=B Bxh8 57. Ng6+ Kf7 58. Nxh8+ Kg7 59. Kxa3 Kxh8 60. Kb3 Kg7
61. Kc3 Kf6 62. Kd4 Ke7 63. Kc5 Kd7 64. Kxb5 Kc7 65. Ka6
1-0

[Event "November 2018"]
[Site "SchemingMind.com"]
[Date "2019.01.18"]
[Round "-"]
[White "kenneth m day"]
[Black "smothered mate"]
[Result "0-1"]
[WhiteCountry "USA"]
[BlackCountry "POL"]
[WhiteElo "1700"]
[WhiteRD "56"]
[BlackElo "2153"]
[BlackRD "88"]
[GameID "437282"]

1. e4 e5 2. f4 Bc5 3. Nf3 d6 4. Nc3 Nc6 5. Bc4 Be6 6. Bxe6 fxe6 7. d3 a6 8. Qe2 Nf6 9. Bd2 Nd4 10. Nxd4 exd4
11. Na4 Ba7 12. O-O-O b5 13. e5 dxe5 14. Qxe5 Qd6 15. Nc3 dxc3 16. Qxc3 O-O 17. Rhf1 Nd5 18. Qe5 Qxe5 19. fxe5 Ne3 20. Bxe3 Bxe3+
21. Kb1 Rxf1 22. Rxf1 Rf8 23. Re1 Rf2 24. c3 Bg5
0-1

[Event "November 2018"]
[Site "SchemingMind.com"]
[Date "2019.01.18"]
[Round "-"]
[White "smothered mate"]
[Black "kenneth m day"]
[Result "1-0"]
[WhiteCountry "POL"]
[BlackCountry "USA"]
[WhiteElo "2251"]
[WhiteRD "82"]
[BlackElo "1760"]
[BlackRD "54"]
[GameID "437283"]

1. d4 Nf6 2. Nf3 d6 3. Bg5 g6 4. e3 Bg7 5. c3 O-O 6. Be2 c5 7. O-O Nc6 8. Nbd2 Bd7 9. e4 h6 10. Bh4 Rc8
11. d5 Ne5 12. Nxe5 dxe5 13. Qc2 e6 14. c4 g5 15. Bg3 exd5 16. cxd5 Ne8 17. Nc4 Qe7 18. Ne3 Nd6 19. Rfd1 f5 20. exf5 Nxf5
21. Nxf5 Bxf5 22. Qb3 Kh8 23. d6 Qd7 24. Bb5 Qd8 25. Qd5 b6 26. Bxe5 Bxe5 27. Qxe5+ Kh7 28. Qe7+ Qxe7 29. dxe7 Rfe8 30. Re1
1-0

[Event "November 2018"]
[Site "SchemingMind.com"]
[Date "2019.01.23"]
[Round "-"]
[White "ray winteringham"]
[Black "mmccaffe"]
[Result "0-1"]
[WhiteCountry "ENG"]
[BlackCountry "USA"]
[WhiteElo "1481"]
[WhiteRD "50"]
[BlackElo "1664"]
[BlackRD "108"]
[GameID "437577"]

1. d4 Nf6 2. Nf3 g6 3. b3 Bg7 4. Bb2 d5 5. e3 O-O 6. c4 c6 7. c5 Bg4 8. Be2 Nbd7 9. Nbd2 Ne4 10. O-O Nexc5
11. h3 Bxf3 12. Nxf3 Ne4 13. Nd2 Nxd2 14. Qxd2 e5 15. dxe5 Bxe5 16. Bxe5 Nxe5 17. f4 Nd7 18. b4 Re8 19. Rfe1 Qb6 20. Bg4 Nf6
21. Bf3 Ne4 22. Bxe4 Rxe4 23. a3 Rae8 24. Kf2 Rxf4+ 25. Kg1 Rfe4 26. Re2 d4 27. Rae1 Rxe3 28. Kf1 Rxe2 29. Rxe2 Qb5 30. Kf2 Rxe2+
31. Qxe2 Qxe2+ 32. Kxe2 b6 33. Kd3 c5 34. bxc5 bxc5 35. g3 f5 36. h4 Kf7 37. Kc4 Ke6 38. a4 Kd6
0-1

[Event "November 2018"]
[Site "SchemingMind.com"]
[Date "2019.01.23"]
[Round "-"]
[White "mmccaffe"]
[Black "ray winteringham"]
[Result "1-0"]
[WhiteCountry "USA"]
[BlackCountry "ENG"]
[WhiteElo "1664"]
[WhiteRD "108"]
[BlackElo "1481"]
[BlackRD "50"]
[GameID "437578"]

1. e4 e5 2. Nf3 Nc6 3. Bb5 d6 4. d4 Bg4 5. dxe5 dxe5 6. Bxc6+ bxc6 7. O-O Bd6 8. Nbd2 Ne7 9. b3 O-O 10. Bb2 f6
11. h3 Bh5 12. g4 Bg6 13. Qe2 c5 14. Rfd1 Qb8 15. Nc4 Bf7 16. Ne3 Rd8 17. Nh4 Qc8 18. Nhf5 Ng6 19. Qf3 Nf4 20. Rxd6 Kf8
21. Rxd8+ Qxd8 22. Rd1 Qc8 23. Ng2 Ng6 24. Qe3 Kg8 25. Qxc5 Kh8 26. Ne7 Nxe7 27. Qxe7
1-0

[Event "November 2018"]
[Site "SchemingMind.com"]
[Date "2019.01.28"]
[Round "-"]
[White "aliwood"]
[Black "NcErdem"]
[Result "1-0"]
[WhiteCountry "ENG"]
[BlackCountry "TUR"]
[WhiteElo "1393"]
[WhiteRD "59"]
[BlackElo "1311"]
[BlackRD "95"]
[GameID "437705"]

1. Nf3 d5 2. d4 Nc6 3. e3 e6 4. c4 dxc4 5. Nc3 Nf6 6. Bxc4 Bb4 7. Bd2 O-O 8. O-O Bxc3 9. Bxc3 Ne4 10. Rb1 a6
11. Qc2 Nd6 12. Bd3 h6 13. a3 Bd7 14. b4 b5 15. Ne5 Ne7 16. Nxd7 Qxd7 17. f4 Nc4 18. Qf2
1-0

[Event "November 2018"]
[Site "SchemingMind.com"]
[Date "2019.01.28"]
[Round "-"]
[White "NcErdem"]
[Black "aliwood"]
[Result "0-1"]
[WhiteCountry "TUR"]
[BlackCountry "ENG"]
[WhiteElo "1311"]
[WhiteRD "95"]
[BlackElo "1393"]
[BlackRD "59"]
[GameID "437706"]

1. e4 e5 2. Nf3 Nc6 3. Bc4 Nf6 4. d3 d6 5. Ng5 d5 6. exd5 Nxd5 7. Qf3 Bb4+ 8. c3 Bxc3+ 9. Nxc3 O-O 10. O-O a6
11. Bxd5 Qe7 12. Bxc6 bxc6 13. Qxc6 Bf5 14. Nd5 Qd6 15. Qxd6 cxd6 16. Ne7+ Kh8 17. Nxf5 Ra7 18. Nxd6 h6
0-1

[Event "November 2018"]
[Site "SchemingMind.com"]
[Date "2019.01.28"]
[Round "-"]
[White "splinter"]
[Black "capablanca"]
[Result "1/2-1/2"]
[WhiteCountry "CAN"]
[BlackCountry "GER"]
[WhiteElo "1774"]
[WhiteRD "75"]
[BlackElo "1724"]
[BlackRD "62"]
[GameID "437757"]

1. c4 d5 2. cxd5 Qxd5 3. Nc3 Qa5 4. Nf3 e5 5. e4 Nf6 6. Bc4 Bd6 7. Ng5 O-O 8. Qb3 Be6 9. Nxe6 fxe6 10. Bxe6+ Kh8
11. Qxb7 Nbd7 12. Bxd7 Nxd7 13. O-O Rab8 14. Qd5 Qb6 15. Nd1 Nf6 16. Qc4 Bc5 17. Ne3 Rbd8 18. f3 Rd4 19. Qe2 Rfd8 20. Kh1 Qe6
21. b3 Rd3 22. Nc4 R3d7 23. Bb2 Bd4 24. Bxd4 Rxd4 25. Rfd1 Nh5 26. g3 Qh3 27. Qg2 Qe6=
1/2-1/2

[Event "November 2018"]
[Site "SchemingMind.com"]
[Date "2019.01.28"]
[Round "-"]
[White "capablanca"]
[Black "splinter"]
[Result "1/2-1/2"]
[WhiteCountry "GER"]
[BlackCountry "CAN"]
[WhiteElo "1728"]
[WhiteRD "62"]
[BlackElo "1815"]
[BlackRD "76"]
[GameID "437758"]

1. e4 c5 2. Nc3 d6 3. f4 e6 4. Nf3 Nf6 5. Bc4 Nc6 6. d3 Be7 7. O-O O-O 8. a3 a6 9. Qe1 Nd4 10. Nxd4 cxd4
11. Ne2 e5 12. f5 b5 13. Ba2 Bb7 14. c3 dxc3 15. Nxc3 Rc8 16. Bd2 Re8 17. Rc1 d5 18. Nxd5 Nxd5 19. Rxc8 Qxc8 20. exd5 Qc2
21. Bc3 Qxd3 22. Kh1 Bxd5 23. Bxd5 Qxd5 24. Qxe5=
1/2-1/2

[Event "November 2018"]
[Site "SchemingMind.com"]
[Date "2019.01.30"]
[Round "-"]
[White "CoachBen"]
[Black "Kenny Elliott"]
[Result "1-0"]
[WhiteCountry "MEX"]
[BlackCountry "USA"]
[WhiteElo "1820"]
[WhiteRD "151"]
[BlackElo "1563"]
[BlackRD "70"]
[GameID "437825"]

1. d4 d5 2. c4 e6 3. Nc3 Nf6 4. cxd5 exd5 5. Bg5 Be7 6. Qc2 Nc6 7. e3 O-O 8. a3 Bd7 9. Bd3 h6 10. Bxf6 Bxf6
11. Nxd5 Kh8 12. Nxf6 Qxf6 13. Ne2 Rae8 14. O-O Re7 15. Nc3 Qd6 16. Nb5 Nxd4 17. Nxd4 Qd5 18. Qxc7 Qb3 19. Nxb3
1-0

[Event "November 2018"]
[Site "SchemingMind.com"]
[Date "2019.01.30"]
[Round "-"]
[White "Kenny Elliott"]
[Black "CoachBen"]
[Result "0-1"]
[WhiteCountry "USA"]
[BlackCountry "MEX"]
[WhiteElo "1563"]
[WhiteRD "70"]
[BlackElo "1820"]
[BlackRD "151"]
[GameID "437826"]

1. d4 Nf6 2. c4 g6 3. Nf3 Bg7 4. e4 Nxe4 5. Bd3 d5 6. cxd5 Nf6 7. Nc3 O-O 8. Qb3 Nbd7 9. O-O Nb6 10. d6 cxd6
11. h3 Be6 12. Qc2 Rc8 13. Be3 Nfd5 14. Qd2 Nxe3 15. fxe3 Bc4 16. Bxc4 Nxc4 17. Qd3 Nxb2 18. Qe2 Rxc3 19. Qxb2 Rxe3 20. Qxb7 Rxf3
21. Qxf3 Bxd4+ 22. Kh1 Bxa1 23. Rxa1 d5 24. a4 d4 25. Qd3 Qd5
0-1

[Event "November 2018"]
[Site "SchemingMind.com"]
[Date "2019.02.02"]
[Round "-"]
[White "echecs"]
[Black "dadshane2000"]
[Result "1-0"]
[WhiteCountry "ENG"]
[BlackCountry "USA"]
[WhiteElo "1841"]
[WhiteRD "62"]
[BlackElo "1835"]
[BlackRD "88"]
[GameID "437868"]

1. e4 c5 2. Nf3 d6 3. c3 Nf6 4. e5 Nd5 5. d4 cxd4 6. cxd4 e6 7. Be2 Nc6 8. O-O Be7 9. Na3 dxe5 10. dxe5 Bxa3
11. bxa3 Qb6 12. Bc4 O-O 13. Bxd5 exd5 14. Qxd5 Be6 15. Qe4 h6 16. Bf4 Rfd8 17. Rfb1 Qc7 18. Re1 Bd5 19. Qe3 Be6 20. Bxh6 gxh6
21. Qxh6 Ne7 22. Ng5 Bf5 23. e6 Rf8 24. exf7+ Rxf7 25. Nxf7 Kxf7 26. Rac1 Qd8 27. Qh5+ Bg6 28. Qf3+
1-0

[Event "November 2018"]
[Site "SchemingMind.com"]
[Date "2019.01.31"]
[Round "-"]
[White "dadshane2000"]
[Black "echecs"]
[Result "1-0"]
[WhiteCountry "USA"]
[BlackCountry "ENG"]
[WhiteElo "1835"]
[WhiteRD "88"]
[BlackElo "1841"]
[BlackRD "62"]
[GameID "437869"]

1. e4 e5 2. Nf3 Nc6 3. Bb5 Nf6 4. O-O d6 5. Re1 Bd7 6. c3 a6 7. Ba4 Be7 8. h3 O-O 9. d4 exd4 10. cxd4 b5
11. Bb3 Na5 12. Bc2 Nc4 13. b3 Nb6 14. Bb2 c6 15. e5 dxe5 16. dxe5 Nfd5 17. Nc3 Qc8 18. Qd3 g6 19. Nxd5 Nxd5 20. Qd4 Be6
21. a3 Rd8 22. Bc1 Nb4 23. Qb2 Nxc2 24. Qxc2 c5 25. Be3 c4 26. b4 Qc7 27. Rad1 a5 28. Bd2 axb4 29. Bxb4 Bf5 30. Qc3 Qb7
31. Bxe7 Qxe7 32. Nd4 Bd7 33. Nc2 Bf5 34. Rxd8+ Qxd8 35. Nd4 Bd7 36. e6 Be8 37. exf7+ Kxf7 38. Qf3+ Kg8 39. Rd1 Qa5 40. Qd5+ Kh8
41. Qe5+ Kg8 42. Ne6
1-0

[Event "November 2018"]
[Site "SchemingMind.com"]
[Date "2019.02.02"]
[Round "-"]
[White "Carl Lenox"]
[Black "Aba"]
[Result "0-1"]
[WhiteCountry "CAN"]
[BlackCountry "ISR"]
[WhiteElo "1326"]
[WhiteRD "85"]
[BlackElo "1824"]
[BlackRD "72"]
[GameID "437940"]

1. e4 e5 2. Nf3 Nc6 3. Bb5 a6 4. Ba4 Nf6 5. O-O Bc5 6. a3 d6 7. c3 Bg4 8. b4 Bb6 9. d3 Qe7 10. b5 axb5
11. Bb3 h6 12. c4 b4 13. Bb2 Bd4 14. Nxd4 Bxd1
0-1

[Event "November 2018"]
[Site "SchemingMind.com"]
[Date "2019.02.03"]
[Round "-"]
[White "Aba"]
[Black "Carl Lenox"]
[Result "1-0"]
[WhiteCountry "ISR"]
[BlackCountry "CAN"]
[WhiteElo "1824"]
[WhiteRD "72"]
[BlackElo "1326"]
[BlackRD "85"]
[GameID "437941"]

1. e4 c5 2. Nf3 g6 3. c3 d5 4. e5 a6 5. d4 c4 6. Bg5 b5 7. b3 Qd7 8. bxc4 dxc4 9. Nbd2 e6 10. Ne4 Bg7
11. Nf6+
1-0

[Event "November 2018"]
[Site "SchemingMind.com"]
[Date "2019.02.08"]
[Round "-"]
[White "Ronald R. Nurmi"]
[Black "Thomas Jacob Kelly"]
[Result "1/2-1/2"]
[WhiteCountry "USA"]
[BlackCountry "USA"]
[WhiteElo "1775"]
[WhiteRD "73"]
[BlackElo "1717"]
[BlackRD "84"]
[GameID "438143"]

1. d4 f5 2. Bg5 Nf6 3. Bxf6 exf6 4. e3 d5 5. Bd3 a6 6. Qf3 g6 7. Ne2 c5 8. c3 c4 9. Bc2 Be6 10. Nf4 Bf7
11. b3 Nc6 12. bxc4 dxc4 13. Ba4 Rc8 14. Nd2 Qa5 15. Bxc6+ bxc6 16. e4 fxe4 17. Qxe4+ Be7 18. Ne2 Bd5 19. Qg4 Kf7 20. O-O Be6
21. Qf3 h5 22. Nf4 Bd5 23. Qe3 Ba3 24. Rfb1 Rb8 25. Qg3 Rxb1+ 26. Rxb1 Rg8 27. Nxd5 cxd5 28. Re1 Rd8 29. Qe3 Kg7 30. Rb1 Qc7
31. Nf3 g5 32. Qe6 Bd6 33. Rb2 Rd7 34. h3 Qd8 35. Qe3 Re7 36. Qd2 Bf4 37. Qd1 Qd6 38. Re2 Re4 39. Rxe4 dxe4 40. Nd2 Bxd2
41. Qxd2=
1/2-1/2

[Event "November 2018"]
[Site "SchemingMind.com"]
[Date "2019.02.08"]
[Round "-"]
[White "Thomas Jacob Kelly"]
[Black "Ronald R. Nurmi"]
[Result "1/2-1/2"]
[WhiteCountry "USA"]
[BlackCountry "USA"]
[WhiteElo "1717"]
[WhiteRD "84"]
[BlackElo "1775"]
[BlackRD "73"]
[GameID "438144"]

1. e4 d5 2. Nf3 dxe4 3. Ne5 Nf6 4. Nc3 Qd4 5. Nc4 Nc6 6. Nb5 Qd8 7. d4 exd3 8. Bxd3 a6 9. Nc3 Bg4 10. f3 Bh5
11. Bf4 b5 12. Be4 Nxe4 13. Qd5 Qxd5 14. Nxd5 Kd7 15. O-O-O e5 16. Nxe5+ Nxe5 17. Nb6+ Kc6 18. Nxa8 Bd6 19. Bxe5 Bxe5 20. Rhe1 Rxa8
21. Rxe4 Bd6 22. Rh4 Bg6 23. f4 f5 24. Kd2 Re8 25. Kd3 h5 26. Rf1 Bf7 27. b3 g6 28. Rh3 Bd5 29. Rf2 Bc5 30. Rd2 Be4+
31. Kc3 b4+ 32. Kc4 a5 33. c3 Re6 34. Rg3 Bd6 35. Rf2 Bc5 36. Rf1 Bd5+ 37. Kd3 Rd6 38. Kc2 Bf7 39. Rd3 Rxd3 40. Kxd3 bxc3
41. Kxc3 Bd6 42. g3 Kb5 43. Rc1 c5 44. Rd1 Kc6 45. Kb2 Kc7 46. Rd2=
1/2-1/2

[Event "November 2018"]
[Site "SchemingMind.com"]
[Date "2019.02.09"]
[Round "-"]
[White "Clive Everill"]
[Black "Andreas Flato"]
[Result "0-1"]
[WhiteCountry "CZE"]
[BlackCountry "GER"]
[WhiteElo "1686"]
[WhiteRD "59"]
[BlackElo "1827"]
[BlackRD "103"]
[GameID "438171"]

1. e4 d5 2. exd5 Qxd5 3. Nc3 Qa5 4. d4 Nf6 5. Nf3 Bf5 6. Bc4 e6 7. Bd2 c6 8. Qe2 Bxc2 9. Nd5 Qd8 10. Nxf6+ Qxf6
11. Bc3 Bf5 12. O-O h5 13. d5 Qh6 14. dxe6 fxe6 15. Rfd1 Nd7 16. Nd4 O-O-O 17. Nxf5 exf5 18. Be6 Qg6 19. Qd3 Qe8 20. Bxf5 Rh6
21. Qh3 g5 22. Bxd7+ Rxd7 23. Re1 Qf7 24. Rad1 g4 25. Qg3 Rxd1 26. Rxd1 Re6 27. h3 Bc5 28. Bd4 Bd6 29. Qd3 b6 30. Qa6+ Kb8
31. b4 Qf4 32. Bxb6 Qh2+
0-1

[Event "November 2018"]
[Site "SchemingMind.com"]
[Date "2019.02.09"]
[Round "-"]
[White "Andreas Flato"]
[Black "Clive Everill"]
[Result "1-0"]
[WhiteCountry "GER"]
[BlackCountry "CZE"]
[WhiteElo "1827"]
[WhiteRD "103"]
[BlackElo "1686"]
[BlackRD "59"]
[GameID "438172"]

1. e4 d6 2. f4 c5 3. Nf3 Nc6 4. d3 g6 5. Be2 Bg7 6. O-O e6 7. c3 Nge7 8. Be3 O-O 9. h4 f5 10. h5 b6
11. Ng5 h6 12. Nh3 Bd7 13. hxg6 Nxg6 14. Bh5 Nge7 15. Qe1 Nc8 16. Nd2 Be8 17. Bf3 a6 18. Qg3 Kh7 19. Kf2 Ra7 20. Rh1 Rg8
21. Ng5+ Kh8 22. Nxe6 Qf6 23. Nxg7 Raxg7 24. Qh4 Qxh4+ 25. Rxh4 Rh7 26. Rah1 Kg7 27. exf5 Rgh8 28. g4 N6e7 29. d4 Na7 30. Ne4 d5
31. f6+ Kf7 32. Nd6+ Ke6 33. Nxe8 Rxe8 34. fxe7 Kxe7 35. Rxh6 Rxh6 36. Rxh6 Nc8 37. Bxd5 cxd4 38. Bxd4 b5 39. Re6+
1-0

[Event "November 2018"]
[Site "SchemingMind.com"]
[Date "2019.02.12"]
[Round "-"]
[White "CoachBen"]
[Black "private napoleon"]
[Result "1-0"]
[WhiteCountry "MEX"]
[BlackCountry "ENG"]
[WhiteElo "1971"]
[WhiteRD "110"]
[BlackElo "1763"]
[BlackRD "89"]
[GameID "438267"]

1. d4 d5 2. c4 e6 3. Nc3 c6 4. e4 Bd6 5. e5 Bc7 6. Nf3 Ne7 7. Be2 O-O 8. O-O Nd7 9. Re1 dxc4 10. Bxc4 Nd5
11. Ng5 N7b6 12. Qd3 g6 13. Qh3 h5 14. Be2 Kg7 15. Nge4 Rh8 16. Bg5 Qd7 17. Nc5 Qe8 18. N3e4 Bd8 19. Nd6 Qf8 20. Bd2 Be7
21. Nce4 Bxd6 22. Nxd6 Rb8 23. f4 Bd7 24. Rf1 Nc8 25. Ne4 Ncb6 26. Rf3 Qe7 27. Raf1 Nc8 28. Bd3 Qd8 29. Nc5 b6 30. Ne4 Qe7
31. Be1 a5 32. a3 a4 33. Bh4 Qf8 34. Nf6 Rb7 35. Qg3 Nce7 36. f5 exf5 37. Nxd7 Rxd7 38. Bxf5 Nxf5 39. Rxf5 Kh7 40. e6 Rb7
41. Rxf7+ Rxf7 42. Rxf7+
1-0

[Event "November 2018"]
[Site "SchemingMind.com"]
[Date "2019.02.12"]
[Round "-"]
[White "private napoleon"]
[Black "CoachBen"]
[Result "0-1"]
[WhiteCountry "ENG"]
[BlackCountry "MEX"]
[WhiteElo "1763"]
[WhiteRD "89"]
[BlackElo "1971"]
[BlackRD "110"]
[GameID "438268"]

1. e4 d6 2. d4 g6 3. f4 Bg7 4. Nf3 Bg4 5. c3 c6 6. Be2 h5 7. O-O e6 8. h3 Bxf3 9. Bxf3 d5 10. e5 h4
11. Be3 Nh6 12. Nd2 Nf5 13. Qe1 Qb6 14. b3 Nd7 15. Bg4 Nxe3 16. Qxe3 c5 17. Rac1 Rc8 18. dxc5 Qxc5 19. Qxc5 Nxc5 20. c4 d4
21. Nf3 Nd3 22. Rcd1 Nxf4 23. Rfe1 d3 24. Nd2 Rd8 25. c5 Rd5 26. Nc4 Rxc5 27. Nd6+ Ke7 28. Nxb7 Rxe5 29. Rxe5 Bxe5 30. Nc5 Bd4+
0-1

[Event "November 2018"]
[Site "SchemingMind.com"]
[Date "2019.02.12"]
[Round "-"]
[White "mmccaffe"]
[Black "Phillip Beckett"]
[Result "0-1"]
[WhiteCountry "USA"]
[BlackCountry "ENG"]
[WhiteElo "1623"]
[WhiteRD "108"]
[BlackElo "1526"]
[BlackRD "52"]
[GameID "438269"]

1. e4 e5 2. Nf3 Nc6 3. Bb5 a6 4. Ba4 Nf6 5. O-O Be7 6. Re1 b5 7. Bb3 O-O 8. a4 b4 9. d3 d6 10. h3 Na5
11. Ba2 b3 12. cxb3 Be6 13. Be3 Rb8 14. Nbd2 c5 15. Nc4 Nxc4 16. bxc4 Rxb2 17. Bb3 Qb6 18. Ra3 Qb4
0-1

[Event "November 2018"]
[Site "SchemingMind.com"]
[Date "2019.02.12"]
[Round "-"]
[White "Phillip Beckett"]
[Black "mmccaffe"]
[Result "1-0"]
[WhiteCountry "ENG"]
[BlackCountry "USA"]
[WhiteElo "1559"]
[WhiteRD "53"]
[BlackElo "1492"]
[BlackRD "91"]
[GameID "438270"]

1. d4 Nf6 2. c4 g6 3. Nc3 Bg7 4. e4 d6 5. f3 O-O 6. Be3 e5 7. d5 a5 8. Qd2 Ne8 9. h4 f5 10. Bh6 f4
11. Bxg7 Kxg7 12. Nh3 Nf6 13. Ng5 Na6 14. h5 Nxh5 15. Nh3 Ng3 16. Rg1 Qh4 17. Nf2 g5 18. Ne2 Nc5 19. Nxg3 Qxg3 20. Kd1 h5
21. Kc2 g4 22. Nh1 Qh2 23. Bd3
1-0

[Event "November 2018"]
[Site "SchemingMind.com"]
[Date "2019.02.19"]
[Round "-"]
[White "Aba"]
[Black "Giraldo Menendez Rodriguez"]
[Result "0-1"]
[WhiteCountry "ISR"]
[BlackCountry "CUB"]
[WhiteElo "1824"]
[WhiteRD "72"]
[BlackElo "1919"]
[BlackRD "151"]
[GameID "438438"]

1. e4 c5 2. d4 cxd4 3. Nf3 Nc6 4. Nxd4 Nf6 5. Nc3 e5 6. Nxc6 bxc6 7. Bg5 h6 8. Bh4 Rb8 9. b3 Bb4 10. Qd2 Qa5
0-1

[Event "November 2018"]
[Site "SchemingMind.com"]
[Date "2019.02.19"]
[Round "-"]
[White "Giraldo Menendez Rodriguez"]
[Black "Aba"]
[Result "1-0"]
[WhiteCountry "CUB"]
[BlackCountry "ISR"]
[WhiteElo "2058"]
[WhiteRD "124"]
[BlackElo "1828"]
[BlackRD "75"]
[GameID "438439"]

1. Nf3 d5 2. d4 Nf6 3. c4 dxc4 4. e3 Bg4 5. Bxc4 e6 6. h3 Bh5 7. Nc3 a6 8. g4 Bg6 9. Ne5 Nbd7 10. Nxg6 hxg6
11. Qf3 c6 12. a3 b5 13. Be2 Qc7 14. Bd2 a5 15. Bxb5 Bd6 16. Bxc6 Ra6 17. Bb5 Rb6 18. Rc1 Qb8 19. g5 Nd5 20. Bxd7+ Kxd7
21. Nxd5 exd5 22. Qxf7+ Be7 23. Bxa5 Rxb2 24. O-O Rxh3 25. Rc7+ Kd6 26. Qxe7#
1-0

[Event "November 2018"]
[Site "SchemingMind.com"]
[Date "2019.03.15"]
[Round "-"]
[White "Thomas Jacob Kelly"]
[Black "splinter"]
[Result "0-1"]
[WhiteCountry "USA"]
[BlackCountry "CAN"]
[WhiteElo "1687"]
[WhiteRD "83"]
[BlackElo "1797"]
[BlackRD "74"]
[GameID "439441"]

1. e4 c5 2. b4 b6 3. Bb2 Bb7 4. Nf3 Bxe4 5. Ng5 Bg6 6. Qf3 Nc6 7. Bd3 Nh6 8. Bxg6 hxg6 9. Na3 Nxb4 10. Kd1 f6
11. Nh3 Nc6 12. Re1 e5 13. Nf4 Ne7 14. Nb5 d5 15. Ne6 Qd7 16. Nbc7+ Kf7 17. Nxa8 Kxe6 18. c4 Qb7 19. Qh3+ Kd6 20. f4 Nf7
21. fxe5+ fxe5 22. Bxe5+ Nxe5 23. Qxh8 Qxa8 24. Rf1 Nd7 25. cxd5 Nxd5 26. Kc2 N5f6 27. Qh3 Qe4+ 28. d3 Qa4+ 29. Kd2 Ne5 30. Qc8 Ned7
31. a3 Be7 32. g3 Qd4 33. Ra2 Ne4+ 34. Ke1 Qe3+ 35. Kd1 Nc3+
0-1

[Event "November 2018"]
[Site "SchemingMind.com"]
[Date "2019.03.16"]
[Round "-"]
[White "splinter"]
[Black "Thomas Jacob Kelly"]
[Result "1-0"]
[WhiteCountry "CAN"]
[BlackCountry "USA"]
[WhiteElo "1797"]
[WhiteRD "74"]
[BlackElo "1687"]
[BlackRD "83"]
[GameID "439442"]

1. c4 g6 2. g3 Nf6 3. Bg2 Bg7 4. Nc3 d6 5. Nf3 O-O 6. O-O Be6 7. d3 h6 8. Bd2 c6 9. Qc2 Kh7 10. b4 Qb6
11. Rab1 Ng8 12. e3 Nd7 13. Ne2 f6 14. a4 a6 15. d4 Qa7 16. Nh4 Bf7 17. Nf4 Rfe8 18. Nfxg6 Bxg6 19. Nxg6 f5 20. Qxf5 Ndf6
21. Ne5+
1-0

[Event "November 2018"]
[Site "SchemingMind.com"]
[Date "2019.04.05"]
[Round "-"]
[White "aliwood"]
[Black "VHMC"]
[Result "0-1"]
[WhiteCountry "ENG"]
[BlackCountry "MEX"]
[WhiteElo "1354"]
[WhiteRD "65"]
[BlackElo "1477"]
[BlackRD "175"]
[GameID "439837"]

1. Nf3 Nf6 2. d4 e6 3. e3 d5 4. Be2 Bd6 5. O-O c6 6. a3 O-O 7. b4 Nbd7 8. c4 dxc4 9. Bxc4 b5 10. Bb3 Bb7
11. Nc3 Rc8 12. Bb2 a6 13. a4 Re8 14. axb5 cxb5 15. Rc1 Nd5 16. Nxd5 Bxd5 17. Bxd5 Rxc1 18. Qxc1 exd5 19. Qb1 Bxb4 20. Ba1 a5
0-1

[Event "November 2018"]
[Site "SchemingMind.com"]
[Date "2019.04.05"]
[Round "-"]
[White "VHMC"]
[Black "aliwood"]
[Result "1-0"]
[WhiteCountry "MEX"]
[BlackCountry "ENG"]
[WhiteElo "1542"]
[WhiteRD "154"]
[BlackElo "1327"]
[BlackRD "69"]
[GameID "439838"]

1. e4 e5 2. Nf3 Nc6 3. Bb5 a6 4. Ba4 Nf6 5. d3 Be7 6. O-O b5 7. Bb3 O-O 8. Nc3 Nd4 9. Nxe5 Nxb3 10. axb3 c5
11. Nxb5 Bb7 12. Nc3 d6 13. Nf3 Bc6 14. Nd5 Nxd5 15. exd5 Bxd5 16. c4 Bb7 17. Bf4 Qb6 18. Re1 Rfe8 19. Ra3 Bc6 20. Re3 d5
21. Qe2 d4 22. Re5 a5 23. Qd1 f6 24. Re6 Kf7 25. Re1 a4 26. bxa4 Qxb2 27. Rb3 Qa2 28. Re2 Qxa4 29. Qb1 g5 30. Bg3 h5
31. h4 g4 32. Nd2 Bf8 33. Rxe8 Rxe8 34. Qb2 Qa8 35. Ne4 Qd8 36. Rb8 Qd7 37. Rxe8 Qxe8 38. Qb6 f5 39. Qc7+ Be7 40. Nxc5
1-0